| 000 | 00946nas a2200265Ia 4500 | ||
|---|---|---|---|
| 001 | R142/77672 | ||
| 003 | IT-RoPAU | ||
| 008 | 151124c99999999xx |||||||||||| ||und|| | ||
| 040 | _aIT-RoPAU | ||
| 040 | _cIT-RoPAU | ||
| 041 | _aFRANCESE | ||
| 100 |
_aFarge Arlette _gCodice Aut. SPICS: 47519 |
||
| 210 | _aRESEAUX | ||
| 222 | _aReseaux | ||
| 245 |
_aRESEAUX, N.046/047 (MARZO/GIUGNO 1991) _bArchive (L'), Moyen De Communication Et Constitution Du Sujet Historique |
||
| 250 | _a1a ed. | ||
| 260 |
_aPARIS _bCNET _c1991 |
||
| 501 |
_bPaulus - SPICS - Società San Paolo EM (non-commercial uses only) _cCopyright2015 |
||
| 300 | _a6 p. [41-46] | ||
| 310 | _aBIMESTRALE | ||
| 362 | _aN.046/047 (MARZO/GIUGNO 1991) | ||
| 500 | _aArchivio Come Mezzo di Comunicazione e Costituzione del Soggetto Storico: un Viaggio Attraverso gli Archivi Giudiziari del Secolo Xviii. | ||
| 650 |
_aCOMUNICAZIONE _vPUBBLICAZIONE PERIODICA |
||
| 942 | _cCR | ||
| 999 |
_c191230 _d191230 |
||